<?xml version="1.0" encoding="UTF-8"?>
<record
    xmlns:xsi="http://www.w3.org/2001/XMLSchema-instance"
    xsi:schemaLocation="http://www.loc.gov/MARC21/slim http://www.loc.gov/standards/marcxml/schema/MARC21slim.xsd"
    xmlns="http://www.loc.gov/MARC21/slim">

  <leader>03748njm a2200589Ia 4500</leader>
  <controlfield tag="001">26714</controlfield>
  <controlfield tag="003">IT-RoPAU</controlfield>
  <controlfield tag="005">20220918181110.0</controlfield>
  <controlfield tag="008">131025s9999    xx            000 0 und d</controlfield>
  <datafield tag="040" ind1=" " ind2=" ">
    <subfield code="a">IT-RoPAU</subfield>
  </datafield>
  <datafield tag="040" ind1=" " ind2=" ">
    <subfield code="c">IT-RoPAU</subfield>
  </datafield>
  <datafield tag="041" ind1=" " ind2=" ">
    <subfield code="a">INGLESE</subfield>
  </datafield>
  <datafield tag="999" ind1=" " ind2=" ">
    <subfield code="c">98887</subfield>
    <subfield code="d">98887</subfield>
  </datafield>
  <datafield tag="999" ind1=" " ind2=" ">
    <subfield code="b">n.d.</subfield>
  </datafield>
  <datafield tag="100" ind1=" " ind2=" ">
    <subfield code="a">Presley Elvis</subfield>
    <subfield code="9">16448</subfield>
  </datafield>
  <datafield tag="100" ind1=" " ind2=" ">
    <subfield code="e">Autore musica</subfield>
    <subfield code="9">16449</subfield>
  </datafield>
  <datafield tag="100" ind1=" " ind2=" ">
    <subfield code="g">Codice autore musica SPICS: 11085</subfield>
    <subfield code="9">16450</subfield>
  </datafield>
  <datafield tag="245" ind1=" " ind2=" ">
    <subfield code="a">Elvis Presley-The Collection vol. 3</subfield>
  </datafield>
  <datafield tag="250" ind1=" " ind2=" ">
    <subfield code="a">1a ed.</subfield>
  </datafield>
  <datafield tag="260" ind1=" " ind2=" ">
    <subfield code="a">NEW YORK</subfield>
  </datafield>
  <datafield tag="260" ind1=" " ind2=" ">
    <subfield code="b">RCA RECORDS</subfield>
    <subfield code="c">1984 [1a Ed.:1984]</subfield>
  </datafield>
  <datafield tag="300" ind1=" " ind2=" ">
    <subfield code="a">COMPACT DISC</subfield>
  </datafield>
  <datafield tag="300" ind1=" " ind2=" ">
    <subfield code="c">35 minuti (Testo:  pag.)</subfield>
  </datafield>
  <datafield tag="500" ind1=" " ind2=" ">
    <subfield code="a">Musica rock</subfield>
  </datafield>
  <datafield tag="505" ind1=" " ind2=" ">
    <subfield code="a">Wooden Heart (3:00) - Surrender (2:00) - Wild In the Country (2:00) - Can't Help Falling in Love (3:00) - Rock A Hula Baby (2:00) - His Latest Flame (3:00) - Follow That Dream (2:00) - Good Luck Cham (3:00) - She's Not You (3:00) - Return To Sender (3:00) - Devil In Disguise (3:00) - Bossa Nova Baby (3:00) - Such A Night (3:00) - Crying In the Chapel (3:00) - Love Letters (3:00)</subfield>
  </datafield>
  <datafield tag="650" ind1=" " ind2=" ">
    <subfield code="a">ROCK [COMPACT DISC]</subfield>
    <subfield code="e">Codice MATERIA SPICS: 9949</subfield>
    <subfield code="9">16451</subfield>
  </datafield>
  <datafield tag="700" ind1=" " ind2=" ">
    <subfield code="a">AA.VV.</subfield>
    <subfield code="e">Autore</subfield>
    <subfield code="g">Codice autore SPICS: 12000</subfield>
    <subfield code="9">799</subfield>
  </datafield>
  <datafield tag="700" ind1=" " ind2=" ">
    <subfield code="a">Presley Elvis</subfield>
    <subfield code="g">Codice interprete SPICS: 11085</subfield>
    <subfield code="e">Interprete</subfield>
    <subfield code="9">16452</subfield>
  </datafield>
  <datafield tag="700" ind1=" " ind2=" ">
    <subfield code="a">Wise</subfield>
    <subfield code="g">Codice autore musica SPICS: 32981</subfield>
    <subfield code="e">Autore musica</subfield>
    <subfield code="p">Wooden Heart - Rock A Hula Baby - Follow That Dream</subfield>
    <subfield code="9">16453</subfield>
  </datafield>
  <datafield tag="700" ind1=" " ind2=" ">
    <subfield code="a">Weisman</subfield>
    <subfield code="g">Codice autore SPICS: 32982</subfield>
    <subfield code="e">Autore</subfield>
    <subfield code="p">Wooden Heart - Rock A Hula Baby - Follow That Dream</subfield>
    <subfield code="9">16454</subfield>
  </datafield>
  <datafield tag="700" ind1=" " ind2=" ">
    <subfield code="a">Campfert</subfield>
    <subfield code="g">Codice autore testo/musica SPICS: 32983</subfield>
    <subfield code="e">Autore testo/musica</subfield>
    <subfield code="p">Wooden Heart</subfield>
    <subfield code="9">16455</subfield>
  </datafield>
  <datafield tag="700" ind1=" " ind2=" ">
    <subfield code="a">De Curtis Ernesto</subfield>
    <subfield code="g">Codice autore musica SPICS: 13475</subfield>
    <subfield code="e">Autore musica</subfield>
    <subfield code="p">Surrender</subfield>
    <subfield code="9">16456</subfield>
  </datafield>
  <datafield tag="700" ind1=" " ind2=" ">
    <subfield code="a">Pomus</subfield>
    <subfield code="g">Codice autore SPICS: 30277</subfield>
    <subfield code="e">Autore</subfield>
    <subfield code="p">Surrender - His Latest Flame</subfield>
    <subfield code="9">16457</subfield>
  </datafield>
  <datafield tag="700" ind1=" " ind2=" ">
    <subfield code="a">Shuman</subfield>
    <subfield code="g">Codice autore testo/musica SPICS: 30276</subfield>
    <subfield code="e">Autore testo/musica</subfield>
    <subfield code="p">Surrender - His Latest Flame</subfield>
    <subfield code="9">16458</subfield>
  </datafield>
  <datafield tag="700" ind1=" " ind2=" ">
    <subfield code="a">Peretti Hugo</subfield>
    <subfield code="g">Codice autore musica SPICS: 32984</subfield>
    <subfield code="e">Autore musica</subfield>
    <subfield code="p">Wild In the Country - Can't Help Falling in Love</subfield>
    <subfield code="9">16459</subfield>
  </datafield>
  <datafield tag="700" ind1=" " ind2=" ">
    <subfield code="a">Creatore Luigi</subfield>
    <subfield code="g">Codice autore SPICS: 32985</subfield>
    <subfield code="e">Autore</subfield>
    <subfield code="p">Wild In the Country - Can't Help Falling in Love</subfield>
    <subfield code="9">16460</subfield>
  </datafield>
  <datafield tag="700" ind1=" " ind2=" ">
    <subfield code="a">Weiss</subfield>
    <subfield code="g">Codice autore testo/musica SPICS: 23705</subfield>
    <subfield code="e">Autore testo/musica</subfield>
    <subfield code="p">Wild In the Country - Can't Help Falling in Love</subfield>
    <subfield code="9">16461</subfield>
  </datafield>
  <datafield tag="700" ind1=" " ind2=" ">
    <subfield code="a">Fuller Gil</subfield>
    <subfield code="g">Codice autore testo/musica SPICS: 13022</subfield>
    <subfield code="e">Autore testo/musica</subfield>
    <subfield code="p">Rock A Hula Baby</subfield>
    <subfield code="9">16462</subfield>
  </datafield>
  <datafield tag="700" ind1=" " ind2=" ">
    <subfield code="a">Schroeder A.</subfield>
    <subfield code="g">Codice autore musica SPICS: 25705</subfield>
    <subfield code="e">Autore musica</subfield>
    <subfield code="p">Good Luck Cham</subfield>
    <subfield code="9">16463</subfield>
  </datafield>
  <datafield tag="700" ind1=" " ind2=" ">
    <subfield code="a">Gold A.</subfield>
    <subfield code="g">Codice autore SPICS: 25173</subfield>
    <subfield code="e">Autore</subfield>
    <subfield code="p">Good Luck Cham</subfield>
    <subfield code="9">16464</subfield>
  </datafield>
  <datafield tag="700" ind1=" " ind2=" ">
    <subfield code="a">Stoller Mike</subfield>
    <subfield code="g">Codice autore SPICS: 15921</subfield>
    <subfield code="e">Autore</subfield>
    <subfield code="p">She's Not You - Bossa Nova Baby</subfield>
    <subfield code="9">16465</subfield>
  </datafield>
  <datafield tag="700" ind1=" " ind2=" ">
    <subfield code="a">Leiber Jerry</subfield>
    <subfield code="g">Codice autore musica SPICS: 15585</subfield>
    <subfield code="e">Autore musica</subfield>
    <subfield code="p">She's Not You - Bossa Nova Baby</subfield>
    <subfield code="9">16466</subfield>
  </datafield>
  <datafield tag="700" ind1=" " ind2=" ">
    <subfield code="a">Blackwell Eddie</subfield>
    <subfield code="g">Codice autore musica SPICS: 10210</subfield>
    <subfield code="e">Autore musica</subfield>
    <subfield code="p">Return To Sender</subfield>
    <subfield code="9">16467</subfield>
  </datafield>
  <datafield tag="700" ind1=" " ind2=" ">
    <subfield code="a">Scott B.</subfield>
    <subfield code="g">Codice autore SPICS: 15525</subfield>
    <subfield code="e">Autore</subfield>
    <subfield code="p">Return To Sender</subfield>
    <subfield code="9">16468</subfield>
  </datafield>
  <datafield tag="700" ind1=" " ind2=" ">
    <subfield code="a">Giant</subfield>
    <subfield code="g">Codice autore musica SPICS: 32987</subfield>
    <subfield code="e">Autore musica</subfield>
    <subfield code="p">Devil In Disguise</subfield>
    <subfield code="9">16469</subfield>
  </datafield>
  <datafield tag="700" ind1=" " ind2=" ">
    <subfield code="a">Baum</subfield>
    <subfield code="g">Codice autore SPICS: 27905</subfield>
    <subfield code="e">Autore</subfield>
    <subfield code="p">Devil In Disguise</subfield>
    <subfield code="9">16470</subfield>
  </datafield>
  <datafield tag="700" ind1=" " ind2=" ">
    <subfield code="a">Kaye B.</subfield>
    <subfield code="g">Codice autore testo/musica SPICS: 18055</subfield>
    <subfield code="e">Autore testo/musica</subfield>
    <subfield code="p">Devil In Disguise</subfield>
    <subfield code="9">16471</subfield>
  </datafield>
  <datafield tag="700" ind1=" " ind2=" ">
    <subfield code="a">Chase</subfield>
    <subfield code="g">Codice autore musica SPICS: 15901</subfield>
    <subfield code="e">Autore musica</subfield>
    <subfield code="p">Such A Night</subfield>
    <subfield code="9">16472</subfield>
  </datafield>
  <datafield tag="700" ind1=" " ind2=" ">
    <subfield code="a">Glenn</subfield>
    <subfield code="g">Codice autore musica SPICS: 32989</subfield>
    <subfield code="e">Autore musica</subfield>
    <subfield code="p">Crying In the Chapel</subfield>
    <subfield code="9">16473</subfield>
  </datafield>
  <datafield tag="700" ind1=" " ind2=" ">
    <subfield code="a">Young</subfield>
    <subfield code="g">Codice autore musica SPICS: 20457</subfield>
    <subfield code="e">Autore musica</subfield>
    <subfield code="p">Love Letters</subfield>
    <subfield code="9">16474</subfield>
  </datafield>
  <datafield tag="700" ind1=" " ind2=" ">
    <subfield code="a">Heyman Edward</subfield>
    <subfield code="g">Codice autore SPICS: 15566</subfield>
    <subfield code="e">Autore</subfield>
    <subfield code="p">Love Letters</subfield>
    <subfield code="9">16475</subfield>
  </datafield>
  <datafield tag="942" ind1=" " ind2=" ">
    <subfield code="c">CD</subfield>
    <subfield code="2">ddc</subfield>
  </datafield>
  <datafield tag="952" ind1=" " ind2=" ">
    <subfield code="0">0</subfield>
    <subfield code="1">0</subfield>
    <subfield code="4">0</subfield>
    <subfield code="6">26714_000000000000000</subfield>
    <subfield code="7">1</subfield>
    <subfield code="a">SPICS</subfield>
    <subfield code="b">SPICS</subfield>
    <subfield code="d">2013-10-25</subfield>
    <subfield code="l">0</subfield>
    <subfield code="o">26714</subfield>
    <subfield code="r">2013-10-25 00:00:00</subfield>
    <subfield code="w">2013-10-25</subfield>
    <subfield code="y">CD</subfield>
    <subfield code="z">Progr. Ins.: 6272 / N.Vol.: 1 / Copie: 1 - Copia rara: n.d. / date import: 01.01.2014 - By Epidotti, Trombetti, Vaglietti</subfield>
  </datafield>
</record>
